Football : Pays déjà qualifiés à une coupe du monde - Mort subite - Statistiques

Statistiques générales
  • Ce quiz a été pris 126 fois
  • Le résultat moyen est 21 sur 32
Answers on the Grid
Answers color-coded by a green-red scale on the quiz's grid according to % correct below.
Albanie
Allemagne
Andorre
Angleterre
Arménie
Autriche
Azerbaïdjan
Belgique
Biélorussie
Bosnie
Bulgarie
Chypre
Croatie
Danemark
Ecosse
Espagne
Estonie
Finlande
France
Géorgie
Gibraltar
Grèce
Hongrie
Îles Féroé
Irlande
Irlande du Nord
Islande
Israël
Italie
Kazakhstan
Kosovo
Lettonie
Liechtenstein
Lituanie
Luxembourg
Macédoine
Malte
Moldavie
Monténégro
Norvège
Pays de Galles
Pays-Bas
Pologne
Portugal
République Tchèque
Roumanie
Saint-Marin
Serbie
Slovaquie
Slovénie
Suède
Suisse
Turquie
Ukraine
 
Statistiques - réponses
Réponse % Correct
Allemagne
96%
Angleterre
96%
Espagne
89%
Belgique
88%
Croatie
86%
France
81%
Autriche
80%
Danemark
80%
Ecosse
72%
Portugal
72%
Pays-Bas
70%
Suède
70%
Bosnie
68%
Suisse
68%
Italie
66%
Pologne
66%
Turquie
65%
Norvège
64%
Grèce
62%
Hongrie
59%
Serbie
59%
Ukraine
59%
Bulgarie
58%
République Tchèque
57%
Irlande
54%
Pays de Galles
54%
Roumanie
51%
Slovaquie
49%
Slovénie
47%
Islande
41%
Israël
35%
Irlande du Nord
28%
Aucun quiz correspondant
Distribution des résultats
% des personnes avec chaque résultat
Percentile par nombre de réponses
Votre historique - résultats
Vous n’avez pas pris ce quiz